|
|
|
|
| LEADER |
00000nam0a2200000 4500 |
| 001 |
147117 |
| 005 |
20231031144921.0 |
| 010 |
|
|
|a 5217009918
|
| 020 |
|
|
|a RU
|b 91-9627
|
| 035 |
|
|
|a (RuTPU)RU\TPU\book\159461
|
| 090 |
|
|
|a 147117
|
| 100 |
|
|
|a 20081108d1990 u a0rusy5003 ca
|
| 101 |
0 |
|
|a rus
|
| 102 |
|
|
|a RU
|
| 105 |
|
|
|a a z 001zy
|
| 200 |
1 |
|
|a Комплексная автоматизация производства в радиоэлектронной промышленности
|f В. Н. Тилипалов [и др.]
|
| 210 |
|
|
|a Москва
|c Машиностроение
|d 1990
|
| 215 |
|
|
|a 248 с.
|c ил.
|d 22 см
|
| 300 |
|
|
|a Авт. указаны на обороте тит. л.
|
| 320 |
|
|
|a Библиогр.: с. 247 (15 назв.)
|
| 610 |
1 |
|
|a радиоэлектронная аппаратура
|
| 610 |
1 |
|
|a автоматизация комплексная
|
| 610 |
1 |
|
|a производство
|
| 610 |
1 |
|
|a автоматизация
|
| 610 |
1 |
|
|a технологические процессы
|
| 610 |
1 |
|
|a серийное производство
|
| 610 |
1 |
|
|a механическая обработка
|
| 675 |
|
|
|a 621.396.6.002:658
|z rus
|
| 701 |
|
1 |
|a Тилипалов
|b В. Н.
|g Владимир Николаевич
|
| 701 |
|
1 |
|a Алексеев
|b Л. Н.
|
| 701 |
|
1 |
|a Лобановский
|b А. И.
|
| 701 |
|
1 |
|a Сандалин
|b Е. Н.
|
| 801 |
|
0 |
|a RU
|b RuMRKP
|c 19950417
|g psbo
|
| 801 |
|
1 |
|a RU
|b 63413507
|c 20081108
|g PSBO
|
| 801 |
|
2 |
|a RU
|b 63413507
|c 20081127
|g PSBO
|
| 942 |
|
|
|c BK
|